Europe by Letter B - Picture Quiz - Statistics

General Stats
  • This quiz has been taken 198 times
  • The average score is 10 of 18
Answer Stats
Picture Hint Answer % Correct
Big Ben
93%
{British} Isles
93%
Belarus
85%
{Blue} Lagoon
80%
FC {Bayern} Munich
78%
Bugatti
61%
Lord {Byron}
60%
Bergen
53%
Benito Mussolini
51%
(ethnicity) Basques
50%
(god) Bacchus
49%
(city) Bologna
48%
(region) Benelux
46%
(movement) Bolshevism
41%
Lake {Balaton}
25%
Balalaika
24%
(structure) {Belfry} of Bruges
7%
(explorer) Bartolomeu Dias
6%
No matching quizzes found
Score Distribution
Percent of People with Each Score
Percentile by Number Answered
Your Score History
You have not taken this quiz